000 01755cam a22004217a 4500
003 CHAP
005 20220329134409.0
008 971013s1980 r 00010 d
010 _a19911
011 _a20883
035 _a24972
040 _cCHAP
082 _a580
_bB65Y 1964
100 0 0 _aBold, Harold Charles.
_913490
245 1 3 _aEl reino vegetal
260 _aMéxico, D. F. :
_bUTHEA,
_c1980
300 _a205 p.
_b: ilus.
490 0 _aManuales UTHEA
_v; 253
500 _aTrad. de la 2 ed. en inglés de 1964
590 _aBATCH-UPD
_b10
_c20130110
_lUCH01
_h1819
590 _aBATCH-UPD
_b10
_c20130410
_lUCH01
_h1153
590 _aBATCH-UPD
_b10
_c20130914
_lUCH01
_h0729
590 _aCONVERSION
_b10
_c20130109
_lUCH01
_h1312
650 1 4 _aBotánica.
_914477
830 0 _aManuales UTHEA
_v; 253
_970713
901 _aBK
942 _cLIBRO
949 _a580 B65Y 1964
_bBC
_cLIBRO
_d-61350
_eLIBRO
_fc.3
_h53825
_i24972
_si
_t90.00
949 _a580 B65Y 1964
_bBC
_cLIBRO
_d-61351
_eLIBRO
_fc.4
_h53825
_i24972
_si
_t90.00
949 _a580 B65Y 1964
_bBC
_cLIBRO
_d-61356
_eLIBRO
_fc.9
_h54120
_i24972
_si
_t90.00
949 _a580 B65Y 1964
_bBC
_cLIBRO
_d33724000424511
_eLIBRO
_fc.5
_h53826
_i24972
_si
_t90.00
949 _a580 B65Y 1964
_bBC
_cLIBRO
_d33724000424529
_eLIBRO
_fc.8
_h54119
_i24972
_si
_t90.00
949 _a580 B65Y 1964
_bBC
_cLIBRO
_d33724000424545
_eLIBRO
_fc.10
_h54121
_i24972
_si
_t90.00
949 _a580 B65Y 1964
_bBC
_cLIBRO
_d33724000424552
_eLIBRO
_h53822
_i24972
_si
_t90.00
949 _a580 B65Y 1964
_bBC
_cLIBRO
_d33724000424560
_eLIBRO
_fc.6
_h54117
_i24972
_si
_t90.00
949 _a580 B65Y 1964
_bBC
_cLIBRO
_d33724000745774
_eLIBRO
_fc.2
_h53823
_i24972
_si
_t90.00
949 _a580 B65Y 1964
_bBC
_cLIBRO
_d33724002135314
_eLIBRO
_fc.7
_h54118
_i24972
_si
_t90.00
999 _c19911
_d19911